000 00651nam a22001577a 4500
003 OSt
005 20150926102011.0
008 150926b xxu||||| |||| 00| 0 eng d
040 _cRUA
082 _aAGR OUM 2011 B049 Or.1
100 _91365
_aOUM, SOPHANN.
245 _aStudy on nematode on ruice nad vegetable in angkor chey district, kampot province, សិក្សាវត្តមានណេម៉ាតូតទៅលើដំណាំស្រូវ​ និងបន្លែនៅស្រុកអង្គជ័យ ខេត្តកំពត
260 _aPhnom Penh
_bRUA
_c2011
300 _avii, 47p.
_bill.
_c29cm
942 _2ddc
_cAGR
999 _c1281
_d1281